Top10 - Najwięcej punktów w historii NBA - Statystyki

Ogólne statystyki
  • Ten quiz został rozwiązany 68 razy
  • Średni wynik to 7 z 10
Statystyki odpowiedzi
# Zawodnik NBA Punkty % Poprawnych
1 LeBron James 42.184
98%
5 Michael Jordan 32.292
95%
4 Kobe Bryant 33.643
93%
2 Kareem Abdul-Jabbar 38.387
80%
8 Kevin Durant 30.571
73%
7 Wilt Chamberlain 31.419
71%
9 Shaquille O'Neal 28.596
70%
3 Karl Malone 36.928
63%
6 Dirk Nowitzki 31.560
50%
10 Carmelo Anthony 28.289
27%
Nie znaleziono quizów pasujących do podanych kryteriów
Rozkład punktacji
Procent ludzi z każdym wynikiem
Percentyl według liczby udzielonych odpowiedzi
Twoja historia wyników
Nie rozwiązałeś tego quizu